Bảo đảm thi hành quyết định xử phạt vi phạm hành chính – một số bất cập và hướng hoàn thiện /

保存先:
書誌詳細
第一著者: Thái Thị Tuyết Dung.
その他の著者: Nguyễn Nhật Khanh.
フォーマット: 論文
言語:Vietnamese
主題:
タグ: タグ追加
タグなし, このレコードへの初めてのタグを付けませんか!
Thư viện lưu trữ: Thư viện Trường Đại học Đà Lạt
LEADER 00915nam a2200277 4500
001 DLU180188093
005 ##20181023
040 # # |a DLU  |b vie 
041 # # |a vie 
044 # # |a vn 
100 # # |a Thái Thị Tuyết Dung. 
245 # # |a Bảo đảm thi hành quyết định xử phạt vi phạm hành chính – một số bất cập và hướng hoàn thiện /  |c Thái Thị Tuyết Dung, Nguyễn Nhật Khanh. 
653 # # |a Quy định pháp luật 
653 # # |a Vi phạm hành chính 
653 # # |a Xử phạt 
700 # # |a Nguyễn Nhật Khanh. 
773 # # |t Nhà nước và pháp luật  |g Số 4(348), 2017, tr. 3-11 
920 # # |a Phòng Tạp chí -- Trung tâm Thông tin - Thư viện Trường Đại học Đà Lạt 
994 # # |a DLU 
900 # # |a True 
911 # # |a Hoàng Thị Huyền 
925 # # |a G 
926 # # |a A 
927 # # |a BB 
980 # # |a Thư viện Trường Đại học Đà Lạt